| Tag |
First Indicator |
Second Indicator |
Subfields |
| LEADER |
00000cam a2200000 a 4500 |
| 001 |
in00002201210 |
| 005 |
20151104110500.0 |
| 008 |
061211s2006 dcu b f000 0 eng c |
| 020 |
|
|
|a 0160774136
|
| 020 |
|
|
|a 9780160774133
|
| 035 |
|
|
|a (OCoLC)ocm74811631
|
| 037 |
|
|
|a 552-070-34961-8
|b GPO
|
| 040 |
|
|
|a SEN
|c SEN
|d GPO
|d MvI
|d UtOrBLW
|
| 042 |
|
|
|a pcc
|
| 043 |
|
|
|a n-us---
|
| 049 |
|
|
|a UDOC
|
| 049 |
|
|
|a WWW
|
| 050 |
1 |
4 |
|a KF26
|b .B39 2005t
|
| 074 |
|
|
|a 1035-C
|
| 074 |
|
|
|a 1035-C (online)
|
| 074 |
|
|
|a 1035-D (MF)
|
| 074 |
|
|
|a 1035-D (online)
|
| 086 |
0 |
|
|a Y 4.B 22/3:S.HRG.109-593
|
| 110 |
1 |
|
|a United States.
|b Congress.
|b Senate.
|b Committee on Banking, Housing, and Urban Affairs.
|
| 245 |
1 |
4 |
|a The Department of the Treasury's report to Congress regarding the Terrorism Risk Insurance Act of 2002 :
|b hearing before the Committee on Banking, Housing, and Urban Affairs, United States Senate, One Hundred Ninth Congress, first session ... July 14, 2005.
|
| 264 |
|
1 |
|a Washington :
|b U.S. G.P.O. :
|c 2006.
|
| 264 |
|
2 |
|a Washington :
|b For sale by the Supt. of Docs., U.S. G.P.O.,
|
| 300 |
|
|
|a iii, 45 pages ;
|c 24 cm.
|
| 336 |
|
|
|a text
|b txt
|2 rdacontent
|
| 337 |
|
|
|a unmediated
|b n
|2 rdamedia
|
| 338 |
|
|
|a volume
|b nc
|2 rdacarrier
|
| 490 |
1 |
|
|a S. hrg. ;
|v 109-593
|
| 500 |
|
|
|a "Examination of the Department of the Treasury's report to Congress entitled: Assessment: the Terrorism Risk Insurance Act of 2002, focusing on assessing the likely capacity of the property and casualty insurance industry to offer insurance for terrorism risk after the termination of the Terrorism Risk Insurance Program."
|
| 500 |
|
|
|a "Printed for the use of the Committee on Banking, Housing, and Urban Affairs."
|
| 500 |
|
|
|a Distributed to some depository libraries in microfiche.
|
| 500 |
|
|
|a Shipping list number: 2007-0073-P.
|
| 500 |
|
|
|a Shipping List Date: 12/01/2006
|
| 504 |
|
|
|a Includes bibliographical references.
|
| 530 |
|
|
|a Also available via Internet from the GPO Access web site. Address as of 11/1/06: http://frwebgate.access.gpo.gov/cgi-bin/getdoc.cgi?dbname=109%5Fsenate%5Fhearings&docid=f:29888.wais (text version), http://frwebgate.access.gpo.gov/cgi-bin/getdoc.cgi?dbname=109%5Fsenate%5Fhearings&docid=f:29888.pdf (PDF version); current access available via PURLs.
|
| 610 |
1 |
0 |
|a United States.
|t Terrorism Risk Insurance Act of 2002.
|
| 610 |
2 |
0 |
|a Terrorism Risk Insurance Program (U.S.)
|
| 650 |
|
0 |
|a Terrorism insurance
|z United States.
|
| 810 |
1 |
|
|a United States.
|b Congress.
|b Senate.
|t S. hrg. ;
|v 109-593.
|
| 856 |
4 |
1 |
|3 Text version:
|u http://purl.access.gpo.gov/GPO/LPS76315
|t 0
|
| 856 |
4 |
1 |
|3 PDF version:
|u http://purl.access.gpo.gov/GPO/LPS76316
|t 0
|
| 999 |
|
|
|a MARS
|
| 999 |
f |
f |
|s a9c6dd10-150d-33e1-b71a-4b1cf36838d5
|i ccf65aa7-74e7-361f-b52f-2f350852b8d6
|t 0
|
| 952 |
f |
f |
|a Texas A&M University
|b College Station
|c Electronic Resources
|d Available Online
|t 0
|e Y 4.B 22/3:S.HRG.109-593
|h Superintendent of Documents classification
|
| 998 |
f |
f |
|a Y 4.B 22/3:S.HRG.109-593
|t 0
|l Available Online
|